000 00645nam a2200205Ia 4500
005 20230424101441.0
008 131103s9999 xx 000 0 und d
040 _aLoreto College
041 _aEnglish
082 _a338.954
_bSTR
245 4 _aThe crisis of Indian planning
_b economic planning in the 1960s
_cedited by Paul Streeten and Michael Lipton
260 _aLondon
_bOxford University Press
_c1968
300 _avii,416 p.
504 _aIncludes bibliographical references and index
650 _aEconomics
651 _aIndia - Economic Policy and Development
700 _aStreeten,Paul,ed.
850 _aLCLIB
942 _cBK
999 _c7650
_d58129